00693nam a2200205 i 4500001000300000100002500003245011300028250002400141260003600165300002800201504001400229650002800243655003000271020001500301040000800316041000700324080001700331008004100348856009800389bg1 aBRUCHWALD, Arkadiusz10aStatystyka matematyczna dla leśników /cArkadiusz Bruchwald ; Szkoła Główna Gospodarstwa Wiejskiego. aWyd.3 popr. i uzup. aWarszawa :bWydaw. SGGW,c1997. a255 s. :bil. ;c24 cm. aBibliogr. 9aStatystyka matematyczna aPodręczniki akademickie a8300030719 cBPK0 apl a519.2(075.8) s pl f |000 0 pol  uhttp://koha.tu.koszalin.pl/cgi-bin/koha/opac-detail.pl?biblionumber=42296yKatalog online BPK